000 00214 a2200097 4500
001 42290
100 _aTorry E N
245 _aRound my Library Fire
260 _a
_bThomas Nelson & Sons
_c
090 _c26253
_d26253
942 _aNUST-CAE
_cM
_c18062
999 _c277363
_d277363